000 00847nam a2200229Ia 4500
003 GCL
005 20240530110106.0
008 140319s9999 xx 000 0 ara d
040 _aGCL /
_cGCL
082 0 4 _a210.92
_bن خ
100 1 _aعبدالرحمن حسن محمود
245 1 0 _aخصائص امير المؤمنين على بن ابى طالب (ع) وكرم الله وجهه /
_cعبدالرحمن حسن محمود
260 _a[S.N] :
_bمكتبة الاداب
300 _a92 ص
490 _aبطولات اسلامية
_v0
650 0 4 _aالاسلام
650 0 4 _aالسيرة النبوية
650 0 4 _aالتراجم
650 0 4 _aالديانات
700 1 _aالنسائى: ابو عبدالرحمن احمد بن على بن شعيب على بن سنان سن عمر بن بن دينار
942 _2ddc
_cBK
999 _c58469
_d58469